Typy statków - Statystyki

Ogólne statystyki
  • Ten quiz został rozwiązany 77 razy
  • Średni wynik to 8 z 45
Statystyki odpowiedzi
Odpowiedź % Poprawnych
Tankowiec
71%
Kontenerowiec
69%
Masowiec
54%
Wycieczkowiec
44%
Żaglowiec
42%
Gazowiec
38%
Barka
35%
Drobnicowiec
35%
Holownik
33%
Kuter
31%
Chemikaliowiec
29%
RoRo
29%
Offshore
17%
prom pasażerski
17%
Trawler
17%
Zbiornikowiec
17%
Bydłowiec
15%
Chłodnicowiec
15%
Lodołamacz
15%
Ropax
15%
Trałowiec
13%
Pilotówka
10%
Statek badawczy
10%
Kablowiec
8%
RoLo
8%
Statek rybacki
8%
Węglowiec
8%
Latarniowiec
6%
PSV
6%
Barkowiec
4%
Bunkierka
4%
Kapustowiec
4%
Prom rzeczny
4%
Statki pieski
4%
Cementowiec
2%
Krewetkowiec
2%
PROBO
2%
Statek pożarniczy
2%
Statek szpitalny
2%
Statki żeglugi przybrzeżnej
2%
Stawiacz boi
2%
BiBo
0%
CoB
0%
ObO
0%
Rusowiec
0%
Nie znaleziono quizów pasujących do podanych kryteriów
Rozkład punktacji
Procent ludzi z każdym wynikiem
Percentyl według liczby udzielonych odpowiedzi
Twoja historia wyników
Nie rozwiązałeś tego quizu